Le probléme de l'eglise et de l'etat au temps de Philippe le Bel (Registro nro. 131860)

Detalles MARC
000 -LEADER
campo de control de longitud fija 00757nam a2200181 4500
001 - NÚMERO DE CONTROL
campo de control 131860
003 - IDENTIFICADOR DE NÚMERO DE CONTROL
campo de control ES-MaACL
007 - CAMPO FIJO DE DESCRIPCIÓN FÍSICA--INFORMACIÓN GENERAL
campo de control de longitud fija t|
008 - DATOS DE LONGITUD FIJA--INFORMACIÓN GENERAL
campo de control de longitud fija 070214s1926 be r ||||1| fre d
100 1# - ENTRADA PRINCIPAL--NOMBRE DE PERSONA
Nombre de persona Roger Riviere, Juan.
9 (RLIN) 98939
245 13 - MENCIÓN DEL TÍTULO
Título Le probléme de l'eglise et de l'etat au temps de Philippe le Bel
Resto del título : étude de théologie positive /
Mención de responsabilidad, etc. Juan Roger Riviere.
260 ## - PUBLICACIÓN, DISTRIBUCIÓN, ETC.
Lugar de publicación, distribución, etc. Louvain :
Nombre del editor, distribuidor, etc. Spicilegium Sacrum Lovaniense,
Fecha de publicación, distribución, etc. 1926.
300 ## - DESCRIPCIÓN FÍSICA
Extensión XIV, 499 p. ;
Dimensiones 25 cm.
500 ## - NOTA GENERAL
Nota general Precede al Tit : Université Catholique et Colléges Théologiques O.P. et J. S. de Louvain.
710 2# - ENTRADA AGREGADA--NOMBRE DE ENTIDAD CORPORATIVA
Nombre de entidad corporativa o nombre de jurisdicción como elemento de entrada Spicilegium Sacrum Lovaniense.
9 (RLIN) 6886
710 2# - ENTRADA AGREGADA--NOMBRE DE ENTIDAD CORPORATIVA
Nombre de entidad corporativa o nombre de jurisdicción como elemento de entrada Université Catholique et Colléges Théologiques O.P. et J. S. de Louvain (Bélgica)
9 (RLIN) 7478
852 ## - LOCALIZACIÓN
Ubicación ES-MaACL
Número de control de estantería C-6582
Existencias
Estatus retirado Estado de pérdida Estado de daño No para préstamo Biblioteca de origen Biblioteca actual Ubicación en estantería Fecha de adquisición Fuente de adquisición Total de préstamos Signatura topográfica completa Código de barras Visto por última vez Precio de reemplazo Tipo de ítem Koha
        Biblioteca del Ateneo de Madrid Biblioteca del Ateneo de Madrid Sala Palomar 17/01/2008     C-6582 1137276 23/02/2023 23/02/2023 Libro impreso